People's nicknames - Statistics

General Stats
  • This quiz has been taken 14 times
    12 since last reset
  • The average score is 1 of 15
Answer Stats
nick name person % Correct
Bolt (1986-Present day) Usain Bolt
91%
Vanilla Ice (1967-Present) Robert Van Winkle
9%
Human Computer (1929-2013) Shakuntala Devi
9%
Chemical Ali (1941-2010) Ali Hassan Al–Majid
0%
Bonnie Prince Charlie (1720-1788) Charles Edward Stuart
0%
Uncle Remus(1848-1908) Joel Chandler Harris
0%
Acid Bath Murderer (1909-1949) John George Haigh
0%
The Wall (1964-Present day) Keanu Reeves
0%
Hawkeye (1985- Present day) Lewis Hamilton
0%
Speedo Mick (1966-present day) michael Cullen
0%
Bonehead (1965-Present day) Paul Arthurs
0%
Minnesota Fats (1913-1996) Rudolf Wanderone.
0%
Dr. Seuss (1904-1991) Theodor S. Griesel
0%
Liberace (1919-1987) Władziu Valentino
0%
Zoella (1990-Present) Zoe Sugg
0%
No matching quizzes found
Score Distribution
Percent of People with Each Score
Percentile by Number Answered
Your Score History
You have not taken this quiz since the last reset